[Event "41 Abierto Ciudad de Sevilla 2016"]
[Site "Sevilla ESP"]
[Date "2016.01.12"]
[Round "5.17"]
[White "Lopez Gonzalez, Daniel"]
[Black "Olivera Gutierrez*, Albert"]
[Result "1-0"]
[WhiteElo "2271"]
[BlackElo "2041"]
[PlyCount "105"]
[EventDate "2016.01.08"]
[EventType "swiss"]
[EventRounds "9"]
[EventCountry "ESP"]
[Source "lmi"]
[SourceDate "2016.01.08"]

1. d4 d5 2. c4 c6 3. Nf3 e6 4. Qc2 Nf6 5. Bg5 Nbd7 6. e3 Qa5+ 7. Nbd2 Ne4 8.
Bf4 Bb4 9. a3 Ndf6 10. Rc1 Bxd2+ 11. Nxd2 Qxd2+ 12. Qxd2 Nxd2 13. Kxd2 g5 14.
Bg3 Ne4+ 15. Kc2 h5 16. f3 Nxg3 17. hxg3 Ke7 18. Be2 Bd7 19. Rh2 Rh6 20. Rch1
Rah8 21. f4 f6 22. Rxh5 Rxh5 23. Rxh5 Rxh5 24. Bxh5 dxc4 25. Kc3 b5 26. Kb4 Kd6
27. e4 gxf4 28. gxf4 e5 29. dxe5+ fxe5 30. g3 c5+ 31. Kc3 Bc6 32. Bg6 a6 33.
Bf5 Bb7 34. a4 Bc6 35. Bc8 Bxe4 36. Bxa6 exf4 37. gxf4 b4+ 38. Kxc4 Bg2 39. Kb3
Bf3 40. Kc2 Bc6 41. a5 Bd5 42. Kd3 Bg2 43. Bc8 Bf1+ 44. Ke3 c4 45. a6 Kc7 46.
a7 Bg2 47. Bf5 c3 48. b3 Kb7 49. Kd4 Bf3 50. Bc2 Kxa7 51. Kc5 Kb7 52. Kxb4 Kc6
53. Kxc3 1-0

[Event "41 Abierto Ciudad de Sevilla 2016"]
[Site "Sevilla ESP"]
[Date "2016.01.12"]
[Round "5.18"]
[White "Sgnaolin, Davide"]
[Black "Barrera Martinez, Francisco"]
[Result "1-0"]
[WhiteElo "2257"]
[BlackElo "2028"]
[PlyCount "67"]
[EventDate "2016.01.08"]
[EventType "swiss"]
[EventRounds "9"]
[EventCountry "ESP"]
[Source "lmi"]
[SourceDate "2016.01.08"]

1. Nf3 d5 2. c4 c6 3. g3 Bg4 4. Bg2 e6 5. O-O Nf6 6. b3 Nbd7 7. Bb2 Bd6 8. d3
O-O 9. Nbd2 Re8 10. cxd5 exd5 11. Re1 Bf8 12. Qc2 h6 13. h3 Bf5 14. Rad1 Bh7
15. Qb1 Nc5 16. Qc1 Nfd7 17. Ne5 Nxe5 18. Bxe5 Re6 19. Nf3 Qe8 20. Qb2 a5 21.
Bc3 b6 22. h4 Re7 23. Bh3 Rb7 24. Nd4 Ne6 25. Nxe6 fxe6 26. Be5 Rf7 27. Rc1 Bf5
28. Bg2 Qd7 29. e4 Bg6 30. Bh3 Bd6 31. exd5 cxd5 32. Bxd6 Qxd6 33. Bxe6 Bxd3
34. Qd4 1-0

[Event "41 Abierto Ciudad de Sevilla 2016"]
[Site "Sevilla ESP"]
[Date "2016.01.12"]
[Round "5.19"]
[White "Hidalgo Begines, Daniel"]
[Black "Silva Lucena, Cristian"]
[Result "0-1"]
[WhiteElo "2037"]
[BlackElo "2220"]
[PlyCount "68"]
[EventDate "2016.01.08"]
[EventType "swiss"]
[EventRounds "9"]
[EventCountry "ESP"]
[Source "lmi"]
[SourceDate "2016.01.08"]

1. d4 Nf6 2. Nf3 g6 3. Bf4 Bg7 4. e3 O-O 5. Bd3 d6 6. h3 Nfd7 7. e4 c5 8. c3
Qb6 9. Qb3 cxd4 10. Qxb6 Nxb6 11. cxd4 Nc6 12. Be3 Nb4 13. Ke2 Nxd3 14. Kxd3
Na4 15. Bc1 Bd7 16. Nc3 Nxc3 17. bxc3 Rac8 18. Nd2 b5 19. Bb2 Rc7 20. Ba3 a5
21. Bb2 Rfc8 22. Rhc1 Bh6 23. Rc2 b4 24. Rac1 Ba4 25. c4 Bxc2+ 26. Rxc2 Bxd2
27. Rxd2 Rxc4 28. d5 a4 29. Bd4 a3 30. f3 Rc1 31. g3 Rh1 32. h4 Rcc1 33. Ke3
Rhd1 34. Rg2 Rc4 0-1

[Event "41 Abierto Ciudad de Sevilla 2016"]
[Site "Sevilla ESP"]
[Date "2016.01.12"]
[Round "5.20"]
[White "Ballon, Guenther"]
[Black "Perera Borrego, Mariela"]
[Result "1/2-1/2"]
[WhiteElo "2021"]
[BlackElo "2173"]
[PlyCount "66"]
[EventDate "2016.01.08"]
[EventType "swiss"]
[EventRounds "9"]
[EventCountry "ESP"]
[Source "lmi"]
[SourceDate "2016.01.08"]

1. d4 Nf6 2. c4 e6 3. Nc3 Bb4 4. e3 O-O 5. Nge2 Re8 6. a3 Bf8 7. Ng3 d5 8. Bd3
dxc4 9. Bxc4 c5 10. dxc5 Qxd1+ 11. Kxd1 Bxc5 12. b4 Bb6 13. Bb2 Nc6 14. Ke2 e5
15. Nce4 Bg4+ 16. f3 Nxe4 17. Nxe4 Be6 18. Bxe6 Rxe6 19. Rhd1 f6 20. Rac1 a6
21. Rd7 Rb8 22. Nc5 Bxc5 23. Rxc5 Re7 24. Rd2 Rd8 25. Rxd8+ Nxd8 26. b5 axb5
27. Bc3 Nc6 28. Rxb5 Rd7 29. a4 Kf7 30. a5 Ke6 31. e4 h6 32. Rb6 Kd6 33. a6
bxa6 1/2-1/2

[Event "41 Abierto Ciudad de Sevilla 2016"]
[Site "Sevilla ESP"]
[Date "2016.01.13"]
[Round "6.1"]
[White "Sundararajan, Kidambi"]
[Black "Burmakin, Vladimir"]
[Result "0-1"]
[WhiteElo "2508"]
[BlackElo "2539"]
[PlyCount "114"]
[EventDate "2016.01.08"]
[EventType "swiss"]
[EventRounds "9"]
[EventCountry "ESP"]
[Source "lmi"]
[SourceDate "2016.01.08"]

1. d4 d5 2. Nf3 c6 3. c4 Nf6 4. Nc3 a6 5. e3 b5 6. b3 Bg4 7. Be2 e6 8. O-O Be7
9. Ne5 Bxe2 10. Nxe2 O-O 11. Qc2 Nfd7 12. Nf3 Nf6 13. Ne5 Nfd7 14. Bb2 Nxe5 15.
dxe5 Nd7 16. Rfd1 dxc4 17. bxc4 Qc7 18. Nd4 Rfc8 19. Rac1 Qb7 20. Qe4 Bf8 21.
Nb3 Qa7 22. Rc2 c5 23. Ba3 b4 24. Bb2 Nb6 25. Na5 Qc7 26. Nb7 Qc6 27. Qxc6 Rxc6
28. Na5 Rcc8 29. Kf1 Be7 30. Ke2 Kf8 31. f4 Rd8 32. Rxd8+ Bxd8 33. Kd1 Na4 34.
Nb3 a5 35. Kc1 Be7 36. Nd2 Nb6 37. Ne4 Rd8 38. Rd2 Nxc4 39. Rxd8+ Bxd8 40. Nxc5
Nxe3 41. g3 Ke8 42. Ne4 Kd7 43. Nd6 f5 44. exf6 gxf6 45. Ne4 f5 46. Nc5+ Ke7
47. a3 Bb6 48. axb4 Bxc5 49. bxc5 Nf1 50. Bc3 a4 51. Kb2 Kd7 52. Ka3 Kc6 53.
Bd4 Kb5 54. Bg1 Nd2 55. Bf2 h5 56. h3 Ne4 57. Be1 Nxc5 0-1

[Event "41 Abierto Ciudad de Sevilla 2016"]
[Site "Sevilla ESP"]
[Date "2016.01.13"]
[Round "6.2"]
[White "Pogorelov, Ruslan"]
[Black "Hoffman, Alejandro"]
[Result "1/2-1/2"]
[WhiteElo "2336"]
[BlackElo "2476"]
[PlyCount "24"]
[EventDate "2016.01.08"]
[EventType "swiss"]
[EventRounds "9"]
[EventCountry "ESP"]
[Source "lmi"]
[SourceDate "2016.01.08"]

1. Nf3 Nf6 2. c4 e6 3. Nc3 d5 4. d4 Be7 5. Bf4 O-O 6. e3 c5 7. dxc5 Bxc5 8.
cxd5 Nxd5 9. Nxd5 exd5 10. a3 Nc6 11. Bd3 Bb6 12. O-O Bg4 1/2-1/2

[Event "41 Abierto Ciudad de Sevilla 2016"]
[Site "Sevilla ESP"]
[Date "2016.01.13"]
[Round "6.3"]
[White "Fernandez Romero, Ernesto"]
[Black "Satyapragyan, Swayangsu"]
[Result "1/2-1/2"]
[WhiteElo "2475"]
[BlackElo "2410"]
[PlyCount "102"]
[EventDate "2016.01.08"]
[EventType "swiss"]
[EventRounds "9"]
[EventCountry "ESP"]
[Source "lmi"]
[SourceDate "2016.01.08"]

1. e4 e6 2. d4 d5 3. Nc3 Nf6 4. Bg5 dxe4 5. Nxe4 Be7 6. Bxf6 gxf6 7. Nf3 f5 8.
Nc3 a6 9. g3 b5 10. Bg2 Bb7 11. O-O O-O 12. Ne5 Bxg2 13. Kxg2 c5 14. Qf3 Ra7
15. dxc5 Bxc5 16. Rad1 Qb6 17. Rfe1 Qb7 18. Qxb7 Rxb7 19. Ne2 Rc8 20. c3 Be7
21. Nd4 Bf6 22. Ndf3 b4 23. cxb4 Rxb4 24. Rc1 Rd8 25. Re2 Re4 26. Rce1 Rxe2 27.
Rxe2 Rd5 28. b3 Kf8 29. h3 a5 30. g4 fxg4 31. hxg4 h6 32. Rc2 Bxe5 33. Nxe5
Rxe5 34. Rc8+ Ke7 35. Rxb8 a4 36. Kf3 axb3 37. axb3 h5 38. Rb7+ Kf6 39. b4
hxg4+ 40. Kxg4 Rg5+ 41. Kf4 Rf5+ 42. Ke3 Re5+ 43. Kd4 Rf5 44. Ke3 Re5+ 45. Kf3
Rf5+ 46. Ke2 Re5+ 47. Kf1 Rd5 48. b5 Rd2 49. b6 Rb2 50. Kg2 Ke5 51. Kg3 Kd6
1/2-1/2

[Event "41 Abierto Ciudad de Sevilla 2016"]
[Site "Sevilla ESP"]
[Date "2016.01.13"]
[Round "6.4"]
[White "Montero Melendez, Rafael"]
[Black "Paunovic, Dragan"]
[Result "0-1"]
[WhiteElo "2373"]
[BlackElo "2432"]
[PlyCount "78"]
[EventDate "2016.01.08"]
[EventType "swiss"]
[EventRounds "9"]
[EventCountry "ESP"]
[Source "lmi"]
[SourceDate "2016.01.08"]

1. c4 g6 2. g3 Bg7 3. Bg2 Nf6 4. Nc3 O-O 5. d4 c6 6. e4 d6 7. Nf3 Bg4 8. h3
Bxf3 9. Bxf3 Qb6 10. a3 Nfd7 11. Be3 c5 12. Nd5 Qd8 13. Bg5 Nc6 14. e5 h6 15.
Bd2 e6 16. Nf6+ Nxf6 17. exf6 Qxf6 18. dxc5 dxc5 19. Bxc6 bxc6 20. Bc3 Qf5 21.
O-O Bxc3 22. bxc3 Qxh3 23. Qd6 Qf5 24. Rab1 h5 25. Rb7 a5 26. Qxc6 Rac8 27. Rc7
Rxc7 28. Qxc7 h4 29. gxh4 e5 30. Re1 Qg4+ 31. Kh2 Qxh4+ 32. Kg2 Qg4+ 33. Kh2
Re8 34. Qc6 Re6 35. Qa8+ Kg7 36. Rb1 Rf6 37. Qg2 Qxc4 38. Re1 Qxc3 39. Re3 Qd4
0-1

[Event "41 Abierto Ciudad de Sevilla 2016"]
[Site "Sevilla ESP"]
[Date "2016.01.13"]
[Round "6.5"]
[White "Campora Sivori, Daniel"]
[Black "Espinoza Palomino, Willyam"]
[Result "1/2-1/2"]
[WhiteElo "2466"]
[BlackElo "2342"]
[PlyCount "54"]
[EventDate "2016.01.08"]
[EventType "swiss"]
[EventRounds "9"]
[EventCountry "ESP"]
[Source "lmi"]
[SourceDate "2016.01.08"]

1. d4 Nf6 2. c4 c6 3. Nc3 d5 4. Nf3 dxc4 5. a4 e6 6. e3 c5 7. Bxc4 Nc6 8. O-O
cxd4 9. exd4 Be7 10. Be3 O-O 11. d5 exd5 12. Nxd5 Nxd5 13. Bxd5 Nb4 14. Be4 a5
15. Qxd8 Rxd8 16. Rad1 f5 17. Rxd8+ Bxd8 18. Rd1 Bf6 19. Bd5+ Nxd5 20. Rxd5 Be6
21. Rb5 Bd7 22. Rxb7 Bxa4 23. Bg5 Bd8 24. Bxd8 Bc6 25. Rb6 Rxd8 26. h3 Bxf3 27.
gxf3 Rd5 1/2-1/2

[Event "41 Abierto Ciudad de Sevilla 2016"]
[Site "Sevilla ESP"]
[Date "2016.01.13"]
[Round "6.6"]
[White "Vorobiov, Evgeny E"]
[Black "Sgnaolin, Davide"]
[Result "1-0"]
[WhiteElo "2572"]
[BlackElo "2257"]
[PlyCount "41"]
[EventDate "2016.01.08"]
[EventType "swiss"]
[EventRounds "9"]
[EventCountry "ESP"]
[Source "lmi"]
[SourceDate "2016.01.08"]

1. d4 Nf6 2. c4 e6 3. Nf3 Bb4+ 4. Nbd2 O-O 5. a3 Be7 6. e3 b6 7. Bd3 Bb7 8. e4
d5 9. cxd5 exd5 10. e5 Ne4 11. Qc2 f5 12. exf6 Bxf6 13. O-O Nd7 14. Nxe4 dxe4
15. Bxe4 Bxe4 16. Qxe4 c5 17. Ng5 Bxg5 18. Qd5+ Rf7 19. Bxg5 Qf8 20. dxc5 Nxc5
21. Be7 1-0

[Event "41 Abierto Ciudad de Sevilla 2016"]
[Site "Sevilla ESP"]
[Date "2016.01.13"]
[Round "6.7"]
[White "Silva Lucena, Cristian"]
[Black "Xu, Xiangyu"]
[Result "1/2-1/2"]
[WhiteElo "2220"]
[BlackElo "2466"]
[PlyCount "53"]
[EventDate "2016.01.08"]
[EventType "swiss"]
[EventRounds "9"]
[EventCountry "ESP"]
[Source "lmi"]
[SourceDate "2016.01.08"]

1. e4 c5 2. Nf3 Nc6 3. d4 cxd4 4. Nxd4 Nf6 5. Nc3 d6 6. Bc4 Bd7 7. O-O g6 8.
Nxc6 Bxc6 9. Bg5 Bg7 10. Nd5 Bxd5 11. exd5 O-O 12. Re1 Rc8 13. Bb3 Rc7 14. c3
Qb8 15. Qd2 b5 16. Re2 Qb7 17. Rae1 a5 18. a3 Re8 19. h3 Qc8 20. Qf4 Qf5 21.
Qxf5 gxf5 22. Bxf6 Bxf6 23. Kf1 Kg7 24. Kg1 Kg8 25. Kf1 Kg7 26. Kg1 Kg8 27. Kf1
1/2-1/2

[Event "41 Abierto Ciudad de Sevilla 2016"]
[Site "Sevilla ESP"]
[Date "2016.01.13"]
[Round "6.8"]
[White "Perez Mitjans, Orelvis"]
[Black "Del Campo Gomez, Jose Luis"]
[Result "1-0"]
[WhiteElo "2455"]
[BlackElo "2065"]
[PlyCount "107"]
[EventDate "2016.01.08"]
[EventType "swiss"]
[EventRounds "9"]
[EventCountry "ESP"]
[Source "lmi"]
[SourceDate "2016.01.08"]

1. e4 e6 2. d4 d5 3. e5 c5 4. c3 Qb6 5. Nf3 Nc6 6. a3 Nh6 7. b4 cxd4 8. cxd4
Nf5 9. Be3 f6 10. exf6 gxf6 11. Nc3 Nxe3 12. fxe3 Bh6 13. Kf2 O-O 14. Rc1 Bd7
15. Na4 Qd8 16. Nc5 Bc8 17. Bb5 Nb8 18. Nh4 b6 19. Nd3 Bd7 20. Bxd7 Qxd7 21.
Rc3 Nc6 22. Qg4+ Kh8 23. Qh5 Kg7 24. Nf4 Bxf4 25. exf4 Ne7 26. Rg3+ Kh8 27. Qh6
Rf7 28. Re1 Rg8 29. Rge3 Ng6 30. Rxe6 Ne5 31. dxe5 Qxe6 32. f5 Qc8 33. e6 Qf8
34. Ng6+ Rxg6 35. Qxf8+ Rxf8 36. fxg6 hxg6 37. Ke3 Kg7 38. Kd4 Rc8 39. Kxd5 Kf8
40. e7+ Ke8 41. Re3 Rc2 42. Rg3 g5 43. Ke6 Rc6+ 44. Kf5 Kxe7 45. Kg6 a6 46. Rf3
Rd6 47. g4 Rc6 48. Re3+ Re6 49. Rf3 Rd6 50. Rc3 Kd7 51. Kf7 Rd4 52. Kxf6 Rxg4
53. Rg3 Rh4 54. h3 1-0

[Event "41 Abierto Ciudad de Sevilla 2016"]
[Site "Sevilla ESP"]
[Date "2016.01.13"]
[Round "6.9"]
[White "Teran Alvarez, Ismael"]
[Black "Herrera Ramirez, Daniel"]
[Result "1-0"]
[WhiteElo "2416"]
[BlackElo "1943"]
[PlyCount "45"]
[EventDate "2016.01.08"]
[EventType "swiss"]
[EventRounds "9"]
[EventCountry "ESP"]
[Source "lmi"]
[SourceDate "2016.01.08"]

1. e4 c5 2. Nc3 e6 3. Nf3 d6 4. d4 cxd4 5. Nxd4 a6 6. Be3 Nf6 7. Be2 Be7 8. f4
Qc7 9. O-O Bd7 10. Qe1 Nc6 11. Qg3 h5 12. Bf3 h4 13. Qf2 e5 14. Nf5 Bxf5 15.
exf5 O-O 16. Rad1 Qa5 17. Rfe1 Qb4 18. a3 Qxb2 19. Rd3 Bd8 20. Rb1 Qxa3 21.
Rxb7 exf4 22. Bxf4 Na5 23. Bxd6 1-0

[Event "41 Abierto Ciudad de Sevilla 2016"]
[Site "Sevilla ESP"]
[Date "2016.01.13"]
[Round "6.10"]
[White "Sarkar, Justin"]
[Black "Rodriguez Del Cerro, Ricardo"]
[Result "1-0"]
[WhiteElo "2407"]
[BlackElo "1704"]
[PlyCount "21"]
[EventDate "2016.01.08"]
[EventType "swiss"]
[EventRounds "9"]
[EventCountry "ESP"]
[Source "lmi"]
[SourceDate "2016.01.08"]

1. e4 c6 2. d4 d5 3. e5 Bf5 4. Nf3 h6 5. Nh4 Bh7 6. e6 fxe6 7. Bd3 Nf6 8. Bxh7
Nxh7 9. Ng6 Rg8 10. O-O Nf6 11. Nf4 1-0

[Event "41 Abierto Ciudad de Sevilla 2016"]
[Site "Sevilla ESP"]
[Date "2016.01.13"]
[Round "6.11"]
[White "Mora Menezo, Jesus"]
[Black "Komljenovic, Davor"]
[Result "0-1"]
[WhiteElo "2147"]
[BlackElo "2394"]
[PlyCount "106"]
[EventDate "2016.01.08"]
[EventType "swiss"]
[EventRounds "9"]
[EventCountry "ESP"]
[Source "lmi"]
[SourceDate "2016.01.08"]

1. e4 g6 2. d4 Bg7 3. c3 d6 4. Nf3 Nf6 5. Bd3 O-O 6. O-O Nbd7 7. Re1 e5 8. h3
c6 9. Nbd2 Qc7 10. dxe5 dxe5 11. a4 b6 12. a5 b5 13. b4 Rd8 14. Qe2 Nh5 15. g3
Nf8 16. Nb3 Bxh3 17. Ng5 Bc8 18. Be3 h6 19. Nf3 Bg4 20. Rad1 Ne6 21. Bc2 Nf6
22. Rxd8+ Rxd8 23. Rd1 Nh7 24. Rxd8+ Qxd8 25. Nbd2 a6 26. Bb6 Qd6 27. Qe3 Neg5
28. Nh2 Bc8 29. Nb3 Nf6 30. f3 Qe6 31. Qd3 Nd7 32. Ba7 Qh3 33. Nf1 Bf8 34. Bd1
h5 35. Qd2 Be7 36. Be3 Ne6 37. Qf2 h4 38. g4 Bg5 39. Bxg5 Nxg5 40. Ne3 Nf8 41.
Ng2 Bxg4 42. fxg4 Qxc3 43. Qe3 Qxe3+ 44. Nxe3 Nfe6 45. Bc2 Kf8 46. Nd2 Ke7 47.
Ng2 h3 48. Ne3 Kd6 49. Kh2 c5 50. Nd5 Nf4 51. Nb3 Nf3+ 52. Kh1 Ne2 53. bxc5+
Ke6 0-1

[Event "41 Abierto Ciudad de Sevilla 2016"]
[Site "Sevilla ESP"]
[Date "2016.01.13"]
[Round "6.12"]
[White "Romero Romero, Sebastian"]
[Black "Lopez Gonzalez, Daniel"]
[Result "0-1"]
[WhiteElo "2138"]
[BlackElo "2271"]
[PlyCount "155"]
[EventDate "2016.01.08"]
[EventType "swiss"]
[EventRounds "9"]
[EventCountry "ESP"]
[Source "lmi"]
[SourceDate "2016.01.08"]

1. e4 c5 2. Nf3 Nc6 3. b3 d6 4. Bb5 e5 5. Bxc6+ bxc6 6. d3 Be7 7. Nbd2 f5 8.
exf5 Bxf5 9. Ne4 Nf6 10. Ng3 Bd7 11. h3 O-O 12. c4 Ne8 13. Bd2 a5 14. a3 Nc7
15. O-O Ne6 16. Re1 Qe8 17. Re4 Qg6 18. Qe2 Rf6 19. h4 h6 20. h5 Qf7 21. Rf1
Rf8 22. Qe1 Rxf3 23. gxf3 Nd4 24. Rxd4 cxd4 25. Qe4 Qxf3 26. Bxa5 d5 27. Qxf3
Rxf3 28. cxd5 cxd5 29. Bc7 Bf6 30. Rd1 Bb5 31. a4 Bxd3 32. Kg2 e4 33. Rc1 Ba6
34. Rc6 Rc3 35. Rxa6 Rxc7 36. Rd6 Rc2 37. Kf1 e3 38. fxe3 Bh4 39. Rxd5 Bxg3 40.
exd4 Kf7 41. Rd7+ Kf6 42. a5 Rf2+ 43. Kg1 Rd2 44. d5 Ra2 45. b4 Be1 46. Rd6+
Kf5 47. Ra6 Bxb4 48. Rg6 Rxa5 49. Rxg7 Rxd5 50. Kh1 Bd2 51. Rg2 Bf4 52. Rg1 Rd2
53. Rg2 Rd3 54. Ra2 Kg4 55. Kg2 Kxh5 56. Kh1 Kg4 57. Kg2 h5 58. Kh1 h4 59. Rg2+
Bg3 60. Rg1 h3 61. Rb1 h2 62. Rf1 Kh3 63. Rb1 Kg4 64. Rf1 Bd6 65. Kg2 Bc5 66.
Kh1 Kg3 67. Rc1 Be3 68. Rb1 Rd2 69. Rf1 Rd4 70. Re1 Kf3 71. Rb1 Rg4 72. Rb2
Rg1+ 73. Kxh2 Rg5 74. Kh1 Rh5+ 75. Rh2 Rg5 76. Rb2 Rg1+ 77. Kh2 Rd1 78. Rb3 0-1

[Event "41 Abierto Ciudad de Sevilla 2016"]
[Site "Sevilla ESP"]
[Date "2016.01.13"]
[Round "6.13"]
[White "Kogan, Arthur"]
[Black "Pereira Figueroa, Manuel"]
[Result "1-0"]
[WhiteElo "2540"]
[BlackElo "2062"]
[PlyCount "49"]
[EventDate "2016.01.08"]
[EventType "swiss"]
[EventRounds "9"]
[EventCountry "ESP"]
[Source "lmi"]
[SourceDate "2016.01.08"]

1. e4 c5 2. Nf3 d6 3. d4 cxd4 4. Nxd4 Nf6 5. Nc3 a6 6. Qf3 e6 7. g4 Qc7 8. g5
Nfd7 9. Be3 b5 10. O-O-O b4 11. Na4 Nc6 12. Bg2 Nxd4 13. Rxd4 a5 14. b3 Ba6 15.
Kb1 Rc8 16. Rc1 Be7 17. Qh3 Bb5 18. Nb2 Nc5 19. f4 e5 20. fxe5 dxe5 21. Rd5 O-O
22. Qg3 Bd6 23. c3 Qe7 24. cxb4 axb4 25. Qf2 1-0

[Event "41 Abierto Ciudad de Sevilla 2016"]
[Site "Sevilla ESP"]
[Date "2016.01.13"]
[Round "6.14"]
[White "Degro, Heiko"]
[Black "Rizouk, Aimen"]
[Result "1/2-1/2"]
[WhiteElo "2089"]
[BlackElo "2511"]
[PlyCount "163"]
[EventDate "2016.01.08"]
[EventType "swiss"]
[EventRounds "9"]
[EventCountry "ESP"]
[Source "lmi"]
[SourceDate "2016.01.08"]

1. e4 e5 2. Nf3 Nc6 3. Nc3 Nf6 4. Bb5 Bb4 5. O-O O-O 6. d3 d6 7. Bg5 Bxc3 8.
bxc3 Bd7 9. Rb1 h6 10. Bh4 a6 11. Ba4 Rb8 12. Re1 Ne7 13. Bxd7 Nxd7 14. d4 Qe8
15. Bxe7 Qxe7 16. Qd3 Rfd8 17. g3 Qe6 18. a3 Nb6 19. c4 Qd7 20. Rb4 Na4 21. Qe3
a5 22. Rbb1 c6 23. d5 cxd5 24. cxd5 Rbc8 25. Qd2 b6 26. Nh4 Qc7 27. Rec1 Nc3
28. Rb3 Nxe4 29. Qe3 Nc3 30. Nf5 a4 31. Rxc3 Qxc3 32. Ne7+ Kh8 33. Nxc8 Rxc8
34. Qxc3 Rxc3 35. Rb1 Rxa3 36. Rxb6 Rc3 37. Rxd6 Rxc2 38. Ra6 Rd2 39. Rxa4 Rxd5
40. Ra7 Kg8 41. h4 g6 42. Kg2 Kg7 43. Ra6 Rd3 44. Rb6 h5 45. Ra6 Rd7 46. Kf3 f6
47. Rb6 Kf7 48. Ra6 Ke7 49. Rb6 Rd6 50. Rb7+ Ke6 51. Rg7 Kf5 52. Rf7 Rd2 53.
Ke3 Rb2 54. Rf8 e4 55. Rf7 Rb6 56. Rg7 Rb3+ 57. Ke2 Rf3 58. Re7 Ra3 59. Rg7 Ra5
60. Ke3 Ra4 61. Rf7 Ra3+ 62. Ke2 g5 63. hxg5 Kxg5 64. Rg7+ Kf5 65. Rg8 h4 66.
gxh4 Rh3 67. Rh8 Kf4 68. h5 Rh2 69. Re8 f5 70. h6 Rxh6 71. Ra8 Rb6 72. Ra3 Rb2+
73. Kf1 Rb5 74. Ke2 Ke5 75. f3 Rb2+ 76. Kf1 exf3 77. Rxf3 Ke4 78. Ra3 f4 79.
Rc3 Kf5 80. Ra3 Kg4 81. Rc3 f3 82. Rc8 1/2-1/2

[Event "41 Abierto Ciudad de Sevilla 2016"]
[Site "Sevilla ESP"]
[Date "2016.01.13"]
[Round "6.15"]
[White "Fernandez Montero, Francisco M"]
[Black "Lei, Tingjie"]
[Result "0-1"]
[WhiteElo "2097"]
[BlackElo "2474"]
[PlyCount "52"]
[EventDate "2016.01.08"]
[EventType "swiss"]
[EventRounds "9"]
[EventCountry "ESP"]
[Source "lmi"]
[SourceDate "2016.01.08"]

1. e4 c5 2. Nf3 e6 3. c3 Nf6 4. e5 Nd5 5. d4 cxd4 6. cxd4 d6 7. exd6 Bxd6 8.
Nc3 O-O 9. Bd3 Nf6 10. O-O Nc6 11. Bg5 Be7 12. a3 b6 13. Rc1 Bb7 14. Bb1 Nd5
15. Qd3 g6 16. h4 Bxg5 17. hxg5 Nxc3 18. bxc3 Na5 19. c4 Bxf3 20. Qxf3 Qxg5 21.
d5 exd5 22. cxd5 Nb7 23. Rc7 Nd6 24. Ba2 Qe5 25. Rfc1 Nb5 26. R7c4 Nd4 0-1

[Event "41 Abierto Ciudad de Sevilla 2016"]
[Site "Sevilla ESP"]
[Date "2016.01.13"]
[Round "6.16"]
[White "Granero Roca, Antonio"]
[Black "De Dios Ortega, Juan Manuel"]
[Result "1-0"]
[WhiteElo "2410"]
[BlackElo "2034"]
[PlyCount "131"]
[EventDate "2016.01.08"]
[EventType "swiss"]
[EventRounds "9"]
[EventCountry "ESP"]
[Source "lmi"]
[SourceDate "2016.01.08"]

1. d4 d6 2. Nf3 Bg4 3. g3 Bxf3 4. exf3 c6 5. Bd3 Nf6 6. f4 Nbd7 7. f5 c5 8.
dxc5 Qa5+ 9. Nc3 Nxc5 10. Bb5+ Ncd7 11. O-O a6 12. Bd3 g6 13. Bd2 Bg7 14. Re1
Ne5 15. fxg6 hxg6 16. Bf1 Rc8 17. Bg2 Qc7 18. Bg5 e6 19. Qe2 O-O 20. Rac1 b5
21. Nd1 Qa5 22. a3 Nc4 23. c3 d5 24. h4 Rfe8 25. Bxf6 Bxf6 26. h5 Kg7 27. hxg6
fxg6 28. Bf1 Qb6 29. Qg4 Ne5 30. Qf4 g5 31. Qe3 Qxe3 32. Rxe3 g4 33. Rc2 Nf3+
34. Kg2 Rh8 35. Rxf3 gxf3+ 36. Kxf3 Rhf8 37. Ke2 e5 38. Bh3 Rc7 39. Rd2 d4 40.
cxd4 exd4 41. Kd3 Re8 42. Bf5 a5 43. f3 b4 44. axb4 axb4 45. Be4 Rh8 46. Nf2
Kf7 47. Bd5+ Ke8 48. Ne4 Bg7 49. Re2 Kd7 50. Ng5 Rc1 51. Bb3 Rhh1 52. Ba4+ Kc8
53. Re8+ Kb7 54. Re7+ Kb6 55. Rxg7 Ka5 56. Ra7+ Kb6 57. Rd7 Ka5 58. Bb3 Rh2 59.
Rd5+ Kb6 60. Rxd4 Rxb2 61. Rxb4+ Ka5 62. Rb8 Rc5 63. Ne4 Rf5 64. Nd2 Rxd2+ 65.
Kxd2 Rxf3 66. g4 1-0

[Event "41 Abierto Ciudad de Sevilla 2016"]
[Site "Sevilla ESP"]
[Date "2016.01.13"]
[Round "6.17"]
[White "Ladron De Guevara Pinto, Paolo"]
[Black "Ballon, Guenther"]
[Result "1-0"]
[WhiteElo "2348"]
[BlackElo "2021"]
[PlyCount "81"]
[EventDate "2016.01.08"]
[EventType "swiss"]
[EventRounds "9"]
[EventCountry "ESP"]
[Source "lmi"]
[SourceDate "2016.01.08"]

1. e4 c5 2. Nf3 e6 3. c4 a6 4. d4 cxd4 5. Nxd4 Nf6 6. Nc3 Bb4 7. Qd3 Nc6 8.
Nxc6 dxc6 9. Qxd8+ Kxd8 10. e5 Nd7 11. Bf4 Ke7 12. h4 b5 13. h5 h6 14. Rh3 Bb7
15. Rg3 Rhg8 16. O-O-O Bxc3 17. bxc3 Nc5 18. f3 Rac8 19. Kc2 Rce8 20. Rg4 Rc8
21. Be2 Ba8 22. Rh1 Nd7 23. Rh3 f5 24. exf6+ Nxf6 25. Rg6 Kf7 26. Rgg3 Rgd8 27.
Rh4 Rd7 28. Be3 e5 29. Bd3 Ke6 30. c5 Rcd8 31. Be2 Bb7 32. Rg6 Kf7 33. f4 Nd5
34. Bc1 Ne7 35. Rgg4 Nf5 36. Rh1 e4 37. Rg6 Rd5 38. Rd1 Rxd1 39. Bxd1 Rd3 40.
Bg4 Rd5 41. c4 1-0

[Event "41 Abierto Ciudad de Sevilla 2016"]
[Site "Sevilla ESP"]
[Date "2016.01.13"]
[Round "6.18"]
[White "Morales Barrera, Raul"]
[Black "Gutierrez Jimenez, Juan Manuel"]
[Result "0-1"]
[WhiteElo "2086"]
[BlackElo "2288"]
[PlyCount "70"]
[EventDate "2016.01.08"]
[EventType "swiss"]
[EventRounds "9"]
[EventCountry "ESP"]
[Source "lmi"]
[SourceDate "2016.01.08"]

1. d4 d6 2. e4 Nf6 3. Nc3 g6 4. Be3 c6 5. Qd2 b5 6. f3 Nbd7 7. g4 Nb6 8. Bd3
Qc7 9. h4 h5 10. g5 Nfd7 11. d5 a6 12. Bd4 Rg8 13. dxc6 Qxc6 14. Nd5 Bb7 15.
Nxb6 Nxb6 16. b3 Bg7 17. c3 Kf8 18. Rc1 Nd7 19. Ne2 Ne5 20. O-O Qd7 21. Kf2 Qh3
22. Bxe5 Bxe5 23. Rh1 Qd7 24. Ng3 Rc8 25. f4 Bh8 26. Rhd1 Qc6 27. Ne2 Kg7 28.
c4 bxc4 29. Rxc4 Qd7 30. Qe3 Kh7 31. e5 Qg4 32. f5 Rxc4 33. fxg6+ fxg6 34. bxc4
Qxh4+ 35. Ng3 Bxe5 0-1

[Event "41 Abierto Ciudad de Sevilla 2016"]
[Site "Sevilla ESP"]
[Date "2016.01.13"]
[Round "6.19"]
[White "Gavira Galocha, Antonio Jesus"]
[Black "Balbuena Fuentes, Mario"]
[Result "1-0"]
[WhiteElo "2007"]
[BlackElo "2268"]
[PlyCount "129"]
[EventDate "2016.01.08"]
[EventType "swiss"]
[EventRounds "9"]
[EventCountry "ESP"]
[Source "lmi"]
[SourceDate "2016.01.08"]

1. d4 Nf6 2. Nf3 c5 3. c3 Qc7 4. g3 g6 5. Bg2 Bg7 6. O-O O-O 7. Nbd2 d6 8. Re1
Nc6 9. Nb3 cxd4 10. Nbxd4 Nxd4 11. Nxd4 Bd7 12. Qb3 Rab8 13. a4 Rfc8 14. h3 a6
15. Be3 d5 16. Nf3 e5 17. Bb6 Qd6 18. Red1 Bc6 19. Ng5 Qe7 20. Nf3 Re8 21. e3
Nd7 22. Rd2 Nxb6 23. Qxb6 Rbd8 24. a5 Rd6 25. Qb4 Red8 26. Rad1 Bf8 27. Qb3 Qf6
28. Nh2 Qe6 29. Nf3 Qe8 30. Ra1 Bg7 31. Qb4 Qd7 32. Rad1 Qc7 33. Qa3 R6d7 34.
Qa1 Bb5 35. Kh2 Qc5 36. Kg1 h6 37. Kh2 Bc4 38. Qa4 Bb5 39. Qa1 f5 40. Nh4 Kh7
41. Nf3 Bf6 42. h4 Kg7 43. Kg1 Bc6 44. Qa2 g5 45. hxg5 hxg5 46. Ne1 d4 47. cxd4
exd4 48. Nd3 Qb5 49. exd4 Bxd4 50. Bf1 Rh8 51. Bg2 Bxg2 52. Kxg2 Qc6+ 53. f3
Qh6 54. Nf2 Rhd8 55. Rh1 Qc6 56. Qb1 Qe6 57. Re1 Qf6 58. Rde2 Bxf2 59. Kxf2 Rd2
60. Qc1 Qd4+ 61. Kg2 Qe3 62. Qc7+ Kh6 63. Qc4 Rxb2 64. Rxb2 Qxe1 65. Rb6+ 1-0